Poemes de John Donne

Uloženo v:
Podrobná bibliografie
Hlavní autoři: Fuzier, Jean (Autor), Denis, Yves (Autor)
Médium: Kniha
Jazyk:francouzština
angličtina
Vydáno: París Gallimard 1962
Témata:
Tagy: Přidat tag
Žádné tagy, Buďte první, kdo vytvoří štítek k tomuto záznamu!

MARC

LEADER 00000cam a2200000 a 4500
001 UCF7719
003 CL-VaPUC
008 130704e19620000FR |||||||||||||||||fre|d
041 0 7 |a fre  |2 CL-VaPUC 
041 0 7 |a eng  |2 CL-VaPUC 
082 0 4 |a 821  |b FUZ  |2 21 
100 0 |a Fuzier, Jean  |e author  |9 569819 
700 0 |a Denis, Yves  |e author  |9 569820 
245 1 0 |a Poemes de John Donne 
300 |a 254 p 
942 |c BK 
945 |d 20130704 00:00:00  |a dcastane 
260 |a París  |b Gallimard  |c 1962 
650 0 |a Poesías inglesas  |9 265094 
650 0 |a Literatura inglesa  |9 312907 
583 |a last modification  |c 20130704 11:43:00  |k Rodrigo Vera 
999 |c 352515  |d 352513 
952 |0 0  |1 0  |4 0  |6 821_000000000000000_FUZ_1962  |7 0  |8 A  |9 457065  |a BIBART  |b BIBART  |d 2019-11-22  |i 498501K  |o 821 FUZ 1962  |p 498501K  |r 2025-03-13  |w 2019-11-22  |y BK  |k ART